000 01081nam a2200265 a 4500
001 77207
003 BD-RjUL
005 20211209082938.0
008 200303m19711973ii ||||| |||| 00| 0 ben d
020 _c: IRs. 10.00 (V-1 )
020 _c: IRs. 10.00 (V-2 )
035 _a(BD-RjUL)77432
040 _aBD-RjUL
_bben
_cBD-RjUL
_dBD-RjUL
041 _aben
082 _223
_a294.5092254
_bROH V-1-2 1971-1973
100 1 _aরায়, শঙ্করনাথ
_9240262
245 1 0 _aভারতের সাধিকা /
_cশঙ্করনাথ রায়
250 _a১ম প্রকাশ
260 _aকলিকাতা :
_bকরুণা প্রকাশনী,
_c১৯৭১-১৯৭৩ ( শ্রাবণ ১৩৭৮-জ্যৈষ্ঠ ১৩৮০)
300 _a খন্ড. ;
_c২১ সেমি.
505 0 _aখণ্ড ১ --- খণ্ড ২
650 _aসাধিকা
_zভারত
_xসংগৃহীত জীবনী
_9163843
650 _aWomen Saints
_zIndian
_xCollected Biography
_9163844
942 _2ddc
_cBK
999 _c77207
_d77207